La Poésie et la Musique des Troubadours
Elmentve itt :
| Szerző: | |
|---|---|
| További közreműködők: | |
| Dokumentumtípus: | Szakdolgozat |
| Megjelent: |
2000
|
| Tárgyszavak: | |
| Online Access: | http://diploma.bibl.u-szeged.hu/76822 |
| LEADER | 00542nta a2200157 i 4500 | ||
|---|---|---|---|
| 001 | dipl76822 | ||
| 005 | 20190604134757.0 | ||
| 008 | 190604s2000 hu om 0|| fre d | ||
| 040 | |a SZTE Diploma Repozitórium |b hun | ||
| 041 | |a fre | ||
| 100 | 1 | |a Kiricsi Katalin | |
| 245 | 1 | 3 | |a La Poésie et la Musique des Troubadours |h [elektronikus dokumentum] / |c Katalin Kiricsi |
| 260 | |c 2000 | ||
| 650 | 4 | |a Pedagógusképzés | |
| 700 | 1 | |a Pagliano Jean-Paul |e ths | |
| 856 | 4 | 0 | |u http://diploma.bibl.u-szeged.hu/id/eprint/76822/1/2000_kiricsi_katalin.pdf |z Dokumentum-elérés |